[Event "Polfinaly Mistrzostw Polski Juniorow 2023 C-13"]
[Site "Jastrzebia Gora"]
[Date "1899-12-30"]
[Round "5.15"]
[White "Smejda, Hubert"]
[Black "Lewek, Jakub"]
[Result "0-1"]
[WhiteTitle "III"]
[BlackTitle "I"]
[WhiteElo "1091"]
[BlackElo "1333"]

1. e4 c5 2. Nf3 e6 3. c4 Nc6 4. Nc3 d6 5. Be2 Nf6 6. d4 cxd4 7. Nxd4 a6 8. O-O
Qc7 9. Be3 Be7 10. Qd2 O-O 11. f3 b6 12. Rfd1 Rb8 13. b3 Rd8 14. Rac1 Nxd4 15.
Bxd4 Nd7 16. Rc2 Nc5 17. Qc1 h6 18. Rcd2 Bg5 19. Rf1 Bxd2 20. Qxd2 Bb7 21. Bd3
Nxd3 22. Qxd3 Bc6 23. f4 e5 24. Be3 b5 25. f5 bxc4 26. bxc4 Kh7 27. Rf3 Rb2 28.
Bc1 Qb6+ 29. Be3 Qc7 30. Bc1 Rb7 31. f6 g5 32. h4 Rg8 33. Rg3 g4 34. Qe3 Qb6 35.
Nd5 Bxd5 36. cxd5 Qxe3+ 37. Bxe3 Rb1+ 38. Kh2 Rf1 39. Bb6 Rxf6 40. Ra3 Rf1 41.
g3 Ra8 42. Rc3 Rb8 43. Kg2 Rb1 44. Bf2 R8b2 45. Rc7 Kg7 46. Rc6 Rxa2 47. h5 Rbb2
48. Rc2 Rxc2 0-1

[Event "Polfinaly Mistrzostw Polski Juniorow 2023 C-13"]
[Site "Jastrzebia Gora"]
[Date "1899-12-30"]
[Round "5.17"]
[White "Stasik, Marceli"]
[Black "Michalczyk, Kajetan"]
[Result "1/2-1/2"]
[WhiteTitle "II"]
[BlackTitle "II"]
[WhiteElo "1122"]
[BlackElo "1168"]

1. e4 c5 2. c3 d5 3. exd5 Qxd5 4. d4 Bf5 5. Nf3 Nc6 6. Be3 cxd4 7. cxd4 e6 8. Nc3
Bb4 9. Be2 Nf6 10. O-O Qd7 11. Qa4 a6 12. Rfd1 O-O 13. a3 Be7 14. Ne5 Nxe5 15.
dxe5 Qxa4 16. Nxa4 Nd5 17. Bc5 Bxc5 18. Nxc5 Ra7 19. Rac1 g5 20. Nd7 Rd8 21. Nf6+
Kg7 22. Bf3 b5 23. Nxd5 exd5 24. Rxd5 Rxd5 25. Bxd5 Rd7 26. Bf3 Rd2 27. Bb7 a5
28. b3 Ra2 29. h3 Be6 30. Ba6 Rxa3 31. Bxb5 Rxb3 32. Bc4 Rb6 33. Bxe6 Rxe6 34.
Rc5 Ra6 35. e6 fxe6 36. Rxg5+ Kf6 37. Rg3 1/2-1/2

[Event "Polfinaly Mistrzostw Polski Juniorow 2023 C-13"]
[Site "Jastrzebia Gora"]
[Date "1899-12-30"]
[Round "5.18"]
[White "Piwowarczuk, Jeremiasz"]
[Black "Skrzypiec, Franciszek"]
[Result "1-0"]
[WhiteTitle "II"]
[BlackTitle "II"]
[WhiteElo "1012"]
[BlackElo "1280"]

1. e4 c5 2. d4 cxd4 3. c3 d3 4. c4 Nc6 5. Bxd3 g6 6. Nf3 Bg7 7. Nc3 d6 8. O-O Nf6
9. Qe2 Bg4 10. Be3 Ne5 11. h3 Bxf3 12. gxf3 Qd7 13. Kh2 Nxd3 14. Qxd3 Nh5 15.
Rad1 Be5+ 16. Kg2 b6 17. b3 O-O 18. Ne2 f5 19. Qd5+ e6 20. Qxe5 fxe4 21. Qxe4
Nf6 22. Qd4 Qf7 23. Bh6 e5 24. Qxd6 Rfd8 25. Qxd8+ Rxd8 26. Rxd8+ Ne8 27. Rfd1
Qe6 28. Bg5 e4 29. Rxe8+ Qxe8 30. Rd8 exf3+ 31. Kxf3 1-0

[Event "Polfinaly Mistrzostw Polski Juniorow 2023 C-13"]
[Site "Jastrzebia Gora"]
[Date "1899-12-30"]
[Round "6.1"]
[White "Rajlich, Vaclav"]
[Black "Uhryn, Lukasz"]
[Result "0-1"]
[WhiteTitle "I"]
[BlackTitle "I"]
[WhiteElo "1539"]
[BlackElo "1435"]

1. e4 e6 2. d4 d5 3. e5 c5 4. c3 Nc6 5. Nf3 Nge7 6. Bd3 cxd4 7. cxd4 Qb6 8. Nc3
a6 9. O-O Bd7 10. Be3 Rc8 11. Na4 Qa7 12. Nc5 h6 13. Nxd7 Kxd7 14. Nd2 g6 15.
Nb3 b6 16. f4 Nf5 17. Bxf5 gxf5 18. Qh5 Be7 19. Rac1 Qb7 20. Kh1 a5 21. g4 fxg4
22. f5 Rcf8 23. Bxh6 a4 24. fxe6+ fxe6 25. Rxf8 Bxf8 26. Qf7+ Be7 27. Bg7 Re8
28. Nd2 Nxd4 29. Qf4 Ne2 30. Qxa4+ b5 31. Qc2 d4+ 32. Qe4 Qxe4+ 33. Nxe4 Nxc1
34. Nf6+ Bxf6 35. exf6 Rc8 0-1

[Event "Polfinaly Mistrzostw Polski Juniorow 2023 C-13"]
[Site "Jastrzebia Gora"]
[Date "1899-12-30"]
[Round "6.2"]
[White "Oles, Mateusz"]
[Black "Jagodzinski, Jaromir"]
[Result "1/2-1/2"]
[WhiteTitle "II+"]
[BlackTitle "I"]
[WhiteElo "1549"]
[BlackElo "1527"]

1. e4 e5 2. Nf3 Nf6 3. Nxe5 d6 4. Nf3 Nxe4 5. Nc3 Nxc3 6. dxc3 Be7 7. Be3 O-O 8.
Qd2 Bg4 9. Bd3 Nd7 10. Rg1 Nc5 11. Be2 Re8 12. h3 Bf5 13. O-O-O c6 14. g4 Ne4
15. Qe1 Bg6 16. Nd2 Qa5 17. Nxe4 Bxe4 18. Kb1 b5 19. Qd2 d5 20. f3 Bg6 21. Bd3
Bxd3 22. Qxd3 Rab8 23. g5 b4 24. cxb4 Bxb4 25. Bd2 Bxd2 26. Qxd2 Qxd2 27. Rxd2
Re3 28. Rf1 Rbe8 29. b3 Re1+ 30. Rxe1 Rxe1+ 31. Kb2 Kf8 32. Rd4 Rf1 33. f4 Re1
34. Ra4 Re7 35. Ra6 Rc7 36. Kc3 Ke7 37. Kd4 Kd6 38. b4 Rb7 39. c3 f6 40. gxf6
gxf6 41. a4 h5 42. b5 Rb6 43. Rxa7 cxb5 44. a5 Rc6 45. Rh7 Rc4+ 46. Kd3 Rxf4 47.
Rxh5 Ra4 48. Rf5 Ke6 49. Rf2 Rxa5 50. Re2+ Kd6 51. Rf2 Ke5 1/2-1/2

[Event "Polfinaly Mistrzostw Polski Juniorow 2023 C-13"]
[Site "Jastrzebia Gora"]
[Date "1899-12-30"]
[Round "6.3"]
[White "Iwan, Patryk"]
[Black "Krogulski, Maksymilian"]
[Result "1-0"]
[WhiteTitle "II+"]
[BlackTitle "I"]
[WhiteElo "1466"]
[BlackElo "1441"]

1. e4 c5 2. Nf3 e6 3. d4 cxd4 4. Nxd4 a6 5. Nc3 b5 6. a3 Bb7 7. Bd3 Qb6 8. Nb3
Qc7 9. O-O Nf6 10. Qe2 Nc6 11. f4 d6 12. Be3 Be7 13. Rad1 O-O-O 14. a4 b4 15.
Nb1 a5 16. c3 d5 17. e5 Ne4 18. Bxe4 dxe4 19. Qb5 Rxd1 20. Rxd1 Rd8 21. Rd2 Rxd2
22. N1xd2 Qd7 23. Bc5 bxc3 24. bxc3 Bxc5+ 25. Nxc5 Qxd2 26. Qxb7+ Kd8 27. Qb6+
Ke7 28. Qc7+ Kf8 29. Qd6+ Qxd6 30. exd6 Ke8 31. Kf2 Nd8 32. Nxe4 Kd7 33. Ke3 f5
34. Nd2 Kxd6 35. Nc4+ Kc5 36. Nxa5 h6 37. Kd3 g5 38. Nb3+ Kd6 39. g3 Nc6 40. Nd4
Na5 41. Nf3 gxf4 42. gxf4 Kd5 43. Ne5 Nb3 44. c4+ Kc5 45. Kc3 Nc1 46. Nd3+ Nxd3
47. Kxd3 Kb4 48. Kd4 Kxa4 49. Ke5 Kb4 50. Kxe6 Kxc4 51. Kxf5 Kd5 52. Kg6 Ke6 53.
f5+ Ke7 54. Kg7 h5 55. f6+ Ke6 56. f7 h4 57. f8=Q h3 58. Qf4 Ke7 59. Qe5+ Kd8
60. Qd6+ Ke8 61. Qe6+ Kd8 62. Qf7 Kc8 63. Kf6 Kd8 64. Qb7 Ke8 65. Qe7# 1-0

[Event "Polfinaly Mistrzostw Polski Juniorow 2023 C-13"]
[Site "Jastrzebia Gora"]
[Date "1899-12-30"]
[Round "6.4"]
[White "Golab, Antoni"]
[Black "Lesik, Sebastian"]
[Result "0-1"]
[WhiteTitle "II"]
[BlackTitle "II"]
[WhiteElo "1339"]
[BlackElo "1447"]

1. e4 c5 2. Nf3 e6 3. d4 cxd4 4. Nxd4 a6 5. Nc3 Qc7 6. Bd3 Bc5 7. Nb3 Be7 8. a4
b6 9. O-O Nf6 10. f4 d6 11. Qe2 Nc6 12. Be3 O-O 13. Rf3 Nb4 14. Rg3 Nxd3 15. Qxd3
Re8 16. f5 Nd7 17. fxe6 fxe6 18. Rf1 Nf8 19. Ne2 b5 20. axb5 axb5 21. Qd4 e5 22.
Qd2 Be6 23. Nc3 Qc4 24. Nd5 Bxd5 25. exd5 b4 26. Rd1 Rec8 27. Rc1 Ra2 28. Rf3
Qe4 29. Rf2 Nd7 30. Qe2 Nf6 31. Qd2 Qxd5 32. Qxb4 Qe4 33. Qd2 Rxb2 34. Bg5 Qc6
35. Bxf6 Bxf6 36. Qd3 e4 37. Qg3 d5 38. Na1 Qe6 39. Re2 Qb6+ 40. Kh1 Rc3 41. Qe1
Qc5 42. Rf2 e3 43. Rf3 d4 44. Rd1 Rcxc2 45. Nxc2 Qxc2 46. Qf1 e2 47. Rxf6 exf1=Q+
48. Rdxf1 Qxg2# 0-1

[Event "Polfinaly Mistrzostw Polski Juniorow 2023 C-13"]
[Site "Jastrzebia Gora"]
[Date "1899-12-30"]
[Round "6.5"]
[White "Protas, Jakub"]
[Black "Goralski, Mateusz"]
[Result "1-0"]
[WhiteTitle "II"]
[BlackTitle "II"]
[WhiteElo "1392"]
[BlackElo "1354"]

1. e4 c5 2. Nf3 e6 3. b4 cxb4 4. d4 d5 5. e5 Nc6 6. a3 bxa3 7. c3 Bd7 8. Nxa3 a6
9. Bd3 Nge7 10. O-O Ng6 11. Ng5 Be7 12. f4 Qb6 13. Kh1 Bxg5 14. fxg5 O-O-O 15.
Rxf7 Rhg8 16. Rb1 Qc7 17. Rf2 Rdf8 18. Rfb2 Nd8 19. Qe2 Bc6 20. Nc2 Nf4 21. Bxf4
Rxf4 22. Nb4 Rgf8 23. Qe3 h6 24. g6 Bb5 25. Bxb5 axb5 26. Kg1 Re4 27. Qd2 Nc6
28. Nd3 Na5 29. Rxb5 Nc4 30. Qa2 b6 31. Nc5 Qc6 32. Nxe4 dxe4 33. R5b4 Ne3 34.
Qe2 Nd5 35. Rc4 1-0

[Event "Polfinaly Mistrzostw Polski Juniorow 2023 C-13"]
[Site "Jastrzebia Gora"]
[Date "1899-12-30"]
[Round "6.6"]
[White "Kaszuba, Michal"]
[Black "Burszczan, Piotr"]
[Result "1/2-1/2"]
[WhiteTitle "II+"]
[BlackTitle "II"]
[WhiteElo "1536"]
[BlackElo "1316"]

1. e4 e5 2. Nf3 Nc6 3. Bb5 d6 4. O-O Bd7 5. c3 Nf6 6. Re1 a6 7. Ba4 Be7 8. d3 O-O
9. Nbd2 Bg4 10. h3 Bh5 11. Nf1 Re8 12. Ng3 Bg6 13. Nh4 Kh8 14. Nxg6+ fxg6 15.
d4 b5 16. Bb3 Na7 17. d5 c5 18. dxc6 Nxc6 19. Be3 Na5 20. Bg5 Nxb3 21. Qxb3 Rf8
22. Rad1 Qb6 23. Be3 Qc6 24. f3 Rfd8 25. Bg5 Qc5+ 26. Kh2 Ng8 27. Be3 Qc6 28.
Rd3 Bf6 29. Red1 Rd7 30. Qd5 Rc8 31. Qxc6 Rxc6 32. Nf1 h6 33. Bf2 Ne7 34. Ne3
Bg5 35. Nd5 Nxd5 36. Rxd5 Rd8 37. h4 Be7 38. Bg3 Rb8 39. a3 Kg8 40. Kh3 Kf7 41.
f4 exf4 42. Bxf4 Ke6 43. e5 Rc5 44. Rxc5 dxc5 45. Kg4 h5+ 46. Kf3 Rb6 47. g3 a5
48. Ke4 b4 49. cxb4 cxb4 50. Rd3 bxa3 51. bxa3 Rc6 52. a4 Rc4+ 53. Rd4 Rb4 54.
Rxb4 Bxb4 55. Bg5 Bc3 56. Bf4 Bb4 57. Bg5 Bf8 1/2-1/2

[Event "Polfinaly Mistrzostw Polski Juniorow 2023 C-13"]
[Site "Jastrzebia Gora"]
[Date "1899-12-30"]
[Round "6.7"]
[White "Staniczek, Kacper"]
[Black "Malas, Maksymilian"]
[Result "1-0"]
[WhiteTitle "I"]
[BlackTitle "II"]
[WhiteElo "1504"]
[BlackElo "1283"]

1. e4 c5 2. Nf3 d6 3. d4 cxd4 4. Nxd4 Nf6 5. Nc3 g6 6. Be3 Bg7 7. f3 O-O 8. Qd2
Nc6 9. O-O-O d5 10. Kb1 dxe4 11. Nxc6 Qxd2 12. Nxe7+ Kh8 13. Rxd2 exf3 14. Nxc8
Rfxc8 15. gxf3 b6 16. Ba6 Rd8 17. Rxd8+ Rxd8 18. Rd1 Re8 19. Bd4 Kg8 20. a3 Re6
21. Nb5 Bh6 22. Bc3 Kg7 23. Nc7 Rc6 24. Ne8+ 1-0

[Event "Polfinaly Mistrzostw Polski Juniorow 2023 C-13"]
[Site "Jastrzebia Gora"]
[Date "1899-12-30"]
[Round "6.8"]
[White "Mielcuch, Karol"]
[Black "Wozniak, Bartosz"]
[Result "1-0"]
[WhiteTitle "II+"]
[BlackTitle "II"]
[WhiteElo "1479"]
[BlackElo "1121"]

1. c4 Nf6 2. g3 g6 3. Bg2 Bg7 4. Nc3 d6 5. e3 e5 6. Nge2 Nc6 7. O-O Bf5 8. d4 exd4
9. exd4 O-O 10. a3 Qd7 11. Nf4 g5 12. Nfd5 Nxd5 13. Nxd5 h6 14. Be3 Rae8 15. Qd2
b6 16. b4 Ne7 17. Rac1 Nxd5 18. Bxd5 Be4 19. Bxe4 Rxe4 20. Rfe1 Rfe8 21. f3 R4e7
22. d5 Qf5 23. Kg2 Qe5 24. Qd3 f5 25. Bf2 Qf6 26. Rxe7 Rxe7 27. c5 dxc5 28. bxc5
f4 29. cxb6 axb6 30. Rc6 Qe5 31. d6 cxd6 32. Rxd6 Qe2 33. Rd8+ Kf7 34. Qf5+ Bf6
35. Qh7+ Bg7 36. Qg8+ Kf6 37. Rd6+ Re6 38. Rxe6+ Qxe6 39. Bd4+ Kf5 40. Kh3 Qe2
41. Bf2 1-0

[Event "Polfinaly Mistrzostw Polski Juniorow 2023 C-13"]
[Site "Jastrzebia Gora"]
[Date "1899-12-30"]
[Round "6.9"]
[White "Kucinski, Jan"]
[Black "Rabenda, Piotr"]
[Result "1/2-1/2"]
[WhiteTitle "II"]
[BlackTitle "II+"]
[WhiteElo "1230"]
[BlackElo "1468"]

1. e4 c5 2. Nf3 d6 3. d4 cxd4 4. Nxd4 Nf6 5. Nc3 a6 6. Be2 e5 7. Nb3 Be6 8. f4
Nbd7 9. f5 Bxb3 10. axb3 Be7 11. Be3 b5 12. Bf3 b4 13. Nd5 Nxd5 14. Qxd5 O-O 15.
O-O Qc7 16. Qc4 Qb7 17. Ra4 a5 18. Qe2 Rfc8 19. Rf2 Nc5 20. Bxc5 Rxc5 21. Bg4
f6 22. Qe1 Rac8 23. Bd1 Bd8 24. Rd2 Bb6 25. Kh1 Qc6 26. Ra1 Qc7 27. Be2 Kh8 28.
Bc4 Rc6 29. Rd3 Bd4 30. Ra2 Qb6 31. Qe2 R6c7 1/2-1/2

[Event "Polfinaly Mistrzostw Polski Juniorow 2023 C-13"]
[Site "Jastrzebia Gora"]
[Date "1899-12-30"]
[Round "6.10"]
[White "Furlepa, Oskar"]
[Black "Dobrowolski, Kamil"]
[Result "0-1"]
[WhiteTitle "II"]
[BlackTitle "II+"]
[WhiteElo "1243"]
[BlackElo "1628"]

1. e4 c5 2. Nf3 e6 3. d4 cxd4 4. Nxd4 Nf6 5. f3 Nc6 6. Nb3 Qc7 7. Nc3 a6 8. Be3
b5 9. a3 Rb8 10. Ne2 Bd6 11. Qd2 Ne5 12. Bf4 Nh5 13. O-O-O Nxf4 14. Qxd6 Qxd6
15. Rxd6 Ke7 16. Rd1 Nxe2+ 17. Bxe2 Bb7 18. Nc5 d6 19. Nb3 Rbc8 20. Na5 Ba8 21.
Rhe1 Rc7 22. Rd2 g5 23. g3 Ng6 24. Bd3 h5 25. Rdd1 h4 26. Rh1 Ne5 27. Be2 g4 28.
f4 Bxe4 29. Bd3 Nxd3+ 0-1

[Event "Polfinaly Mistrzostw Polski Juniorow 2023 C-13"]
[Site "Jastrzebia Gora"]
[Date "1899-12-30"]
[Round "6.12"]
[White "Lewek, Jakub"]
[Black "Boguszewski, Kacper"]
[Result "0-1"]
[WhiteTitle "I"]
[BlackTitle "II"]
[WhiteElo "1333"]
[BlackElo "1211"]

1. e4 c5 2. Nf3 d6 3. Bb5+ Bd7 4. Bxd7+ Qxd7 5. c4 Nf6 6. Nc3 Nc6 7. O-O g6 8.
d4 cxd4 9. Nxd4 Bg7 10. Nde2 O-O 11. f3 Qc7 12. Be3 Ne5 13. b3 a6 14. Rc1 Qa5
15. Nd5 Nxd5 16. cxd5 Rac8 17. a4 Qb4 18. Kh1 Rxc1 19. Nxc1 Rc8 20. Na2 Qa5 21.
b4 Qc7 22. Qb1 Nc4 23. Rc1 Qd7 24. Qb3 Nxe3 25. Qxe3 Rxc1+ 26. Qxc1 Qxa4 27. Qb1
Qb5 28. Qd1 Qc4 29. Qb1 Bh6 30. h3 Bd2 31. Kh2 Bf4+ 32. Kh1 Kf8 33. Qa1 Ke8 34.
Qb1 Kd7 35. Qa1 Kc7 36. Kg1 Be3+ 37. Kh2 Bf4+ 38. Kg1 Bg3 39. Kh1 Qe2 40. Qc1+
Kb6 41. Qg1+ Bf2 42. Qb1 Qe1+ 43. Qxe1 Bxe1 44. Kg1 Kb5 45. Kf1 Bxb4 46. Nxb4
Kxb4 47. Ke1 a5 48. Kd2 a4 49. Kc2 a3 50. Kb1 Kb3 51. Ka1 b5 52. f4 b4 53. e5
Kc2 54. h4 b3 55. h5 b2+ 56. Ka2 b1=Q+ 0-1

[Event "Polfinaly Mistrzostw Polski Juniorow 2023 C-13"]
[Site "Jastrzebia Gora"]
[Date "1899-12-30"]
[Round "6.13"]
[White "Baranowski, Jan"]
[Black "Szymczyk, Jan"]
[Result "0-1"]
[WhiteTitle "II"]
[BlackTitle "II"]
[WhiteElo "1275"]
[BlackElo "1201"]

1. e4 c6 2. d4 d5 3. exd5 cxd5 4. c4 Nf6 5. Nc3 g6 6. Bg5 Bg7 7. Nf3 O-O 8. Bd3
Bg4 9. O-O Nc6 10. cxd5 Nxd5 11. h3 Bxf3 12. Qxf3 Ndb4 13. a3 Nxd3 14. Qxd3 Qxd4
15. Qb5 Rab8 16. Rfe1 f6 17. Rad1 Qb6 18. Qxb6 axb6 19. Be3 Rbd8 20. Bxb6 Rxd1
21. Rxd1 Ne5 22. b3 Rc8 23. Nd5 Kf7 24. Nc7 Bh6 25. a4 Nc6 26. Nd5 Nb8 27. Re1
e6 28. Nc7 Nd7 29. a5 Nxb6 30. axb6 Bf4 31. Kf1 Bxc7 32. Rc1 Ke7 33. Rc4 Kd7 34.
bxc7 Rxc7 35. Rh4 h5 36. g4 Rc5 37. gxh5 Rxh5 38. Rxh5 gxh5 39. Ke2 e5 40. Kd3
Ke6 41. Kc4 Kf5 42. Kb5 Kf4 43. Kb6 Kf3 44. Kxb7 Kxf2 45. b4 e4 46. b5 e3 47.
b6 e2 48. Kc7 e1=Q 49. b7 Qb4 0-1

[Event "Polfinaly Mistrzostw Polski Juniorow 2023 C-13"]
[Site "Jastrzebia Gora"]
[Date "1899-12-30"]
[Round "6.14"]
[White "Hlubek, Tymoteusz"]
[Black "Dunda, Szymon"]
[Result "1/2-1/2"]
[WhiteTitle "II+"]
[BlackTitle "II"]
[WhiteElo "1207"]
[BlackElo "1324"]

1. f4 d5 2. Nf3 g6 3. e3 Bg7 4. d4 e6 5. c3 Nf6 6. Bd3 Nbd7 7. O-O O-O 8. Nbd2
c5 9. Ne5 Nxe5 10. fxe5 Nd7 11. Nf3 f6 12. exf6 Bxf6 13. Bd2 b6 14. Be1 Bb7 15.
Bg3 Qe7 16. Bb5 Nb8 17. Ne5 a6 18. Ba4 b5 19. Bc2 Nd7 20. Nxd7 Qxd7 21. dxc5 e5
22. Rxf6 Rxf6 23. Bxe5 Rff8 24. Bd4 Rae8 25. Qe2 Bc6 26. Rd1 a5 27. h3 a4 28.
Qe1 Rf7 29. Bd3 Qe7 30. Qg3 Qe6 31. a3 1/2-1/2

[Event "Polfinaly Mistrzostw Polski Juniorow 2023 C-13"]
[Site "Jastrzebia Gora"]
[Date "1899-12-30"]
[Round "6.15"]
[White "Michalczyk, Kajetan"]
[Black "Piwowarczuk, Jeremiasz"]
[Result "1-0"]
[WhiteTitle "II"]
[BlackTitle "II"]
[WhiteElo "1168"]
[BlackElo "1012"]

1. e4 d5 2. exd5 Qxd5 3. Nc3 Qa5 4. d4 Nf6 5. Bd2 c6 6. Nf3 Qc7 7. Bc4 Bf5 8. Ne5
e6 9. g4 Bg6 10. h4 Nbd7 11. Bf4 Bd6 12. Nxg6 hxg6 13. Bxd6 Qxd6 14. g5 Nd5 15.
Bxd5 cxd5 16. Qf3 Rc8 17. O-O-O Qc6 18. h5 Rxh5 19. Rxh5 gxh5 20. Qxh5 g6 21.
Qe2 a6 22. Rh1 b5 23. Rh8+ Nf8 24. a3 Qd6 25. Rh4 b4 26. axb4 Qxb4 27. Qxa6 Rb8
28. Qa4+ Qxa4 29. Nxa4 Rb4 30. Nc3 Nd7 31. b3 Ne5 32. Rh8+ 1-0

[Event "Polfinaly Mistrzostw Polski Juniorow 2023 C-13"]
[Site "Jastrzebia Gora"]
[Date "1899-12-30"]
[Round "6.19"]
[White "Poreba, Jan"]
[Black "Raszkiewicz, Wiktor"]
[Result "0-1"]
[WhiteTitle "III"]
[BlackTitle "II"]
[WhiteElo "1057"]
[BlackElo "1335"]

1. e4 c5 2. Nf3 e6 3. c3 Nc6 4. d4 cxd4 5. cxd4 d5 6. e5 Nge7 7. Na3 Nf5 8. Nc2
Be7 9. Bd3 O-O 10. O-O Qb6 11. Bxf5 exf5 12. Rb1 Be6 13. Bf4 h6 14. h4 Rac8 15.
Qd2 Na5 16. b3 Rc7 17. Rfc1 Rfc8 18. Ne3 Nc6 19. Qd3 Nb4 20. Qd2 Rxc1+ 21. Rxc1
Rxc1+ 22. Qxc1 Nd3 23. Nxd5 Bxd5 24. Qc8+ Qd8 25. Qxf5 Nxf4 26. Qxf4 Bxf3 27.
Qxf3 Qc7 28. g3 Bb4 29. Qd5 Qc1+ 30. Kh2 Qc6 31. Qd8+ Kh7 32. d5 Qb6 33. Qc8 Qxf2+
34. Kh3 Be1 35. Qg4 Qf1+ 36. Kh2 Qf2+ 37. Kh3 g6 38. e6 f5 39. Qf4 Qxf4 40. gxf4
Bb4 41. Kg3 Kg7 42. Kf3 Kf6 43. a4 Bc5 44. Kg3 a5 45. h5 g5 46. fxg5+ hxg5 47.
Kf3 Kg7 0-1

[Event "Polfinaly Mistrzostw Polski Juniorow 2023 C-13"]
[Site "Jastrzebia Gora"]
[Date "1899-12-30"]
[Round "6.20"]
[White "Skrzypiec, Franciszek"]
[Black "Sidor, Mateusz"]
[Result "1-0"]
[WhiteTitle "II"]
[BlackTitle "II"]
[WhiteElo "1280"]
[BlackElo "1063"]

1. e4 c5 2. Nf3 g6 3. c3 Bg7 4. d4 cxd4 5. cxd4 Nf6 6. Nc3 O-O 7. e5 Ne8 8. Bc4
d6 9. Bf4 Nc6 10. h3 dxe5 11. dxe5 Qxd1+ 12. Rxd1 Bf5 13. O-O Nc7 14. Nd5 Nxd5
15. Bxd5 Rac8 16. Bxc6 Rxc6 17. Nd4 Rb6 18. Nxf5 gxf5 19. Rd7 Re8 20. b3 f6 21.
Rc1 fxe5 22. Bg5 Kf7 23. Rcc7 Bf6 24. Bxf6 Kxf6 25. Rxb7 Rxb7 26. Rxb7 Ra8 27.
b4 h5 28. b5 e6 29. a4 e4 30. f4 exf3 31. gxf3 Ke5 32. Rh7 Kf6 33. Rxh5 Kg6 34.
Rh4 Kg5 35. Rc4 Kh5 36. Rc6 e5 37. Re6 Kg5 38. Kf2 Kf4 39. h4 Rh8 40. Re7 Rxh4
41. Rxa7 Rh2+ 42. Kg1 Rb2 43. Rf7 Ra2 44. Rh7 Kg3 45. Rg7+ Kxf3 46. b6 Rxa4 47.
b7 Rb4 48. Rg5 Kf4 49. Rg7 e4 50. Rc7 e3 51. Rc4+ Rxc4 52. b8=Q+ Ke4 53. Qb7+
Ke5 54. Qb5+ Kd4 55. Qxf5 Kc3 56. Kf1 Kd4 57. Ke2 Rc3 58. Qf4+ Kd5 59. Qb4 Rc4
60. Qb3 Kc5 61. Qxe3+ Kd5 62. Kd3 Ra4 63. Qg5+ Kd6 64. Qg6+ Kd5 65. Qg8+ Kd6 66.
Qd8+ Kc5 67. Kc3 Rc4+ 68. Kb3 Rb4+ 69. Ka3 Rd4 70. Qc7+ Kd5 71. Kb3 Rd3+ 72. Kb4
Rd4+ 73. Kc3 Re4 74. Qb7+ Ke5 75. Kd3 Rg4 76. Qe7+ Kf5 77. Qf7+ Kg5 78. Ke3 Rg3+
79. Kf2 Rg4 80. Kf3 Kh6 81. Qf8+ Rg7 82. Ke4 Kh7 83. Qf5+ Kh6 84. Qf8 Kh7 85.
Qa3 Rg4+ 86. Kf5 Rg6 87. Qh3+ Rh6 88. Qg3 Rc6 89. Qh4+ Kg7 90. Qe7+ Kh6 91. Qf8+
Kh7 92. Qf7+ Kh6 93. Qe8 Rb6 94. Qh8# 1-0

[Event "Polfinaly Mistrzostw Polski Juniorow 2023 C-13"]
[Site "Jastrzebia Gora"]
[Date "1899-12-30"]
[Round "6.21"]
[White "Chmielnicki, Michal"]
[Black "Dunalski, Szymon"]
[Result "0-1"]
[WhiteTitle "II"]
[BlackTitle "II"]
[WhiteElo "1116"]
[BlackElo "1279"]

1. e4 c6 2. d4 d5 3. e5 Bf5 4. h4 h5 5. Nf3 e6 6. Bd3 Bxd3 7. Qxd3 Nd7 8. O-O Qc7
9. Be3 Ne7 10. Nbd2 O-O-O 11. Rfb1 Rg8 12. a4 Nf5 13. b4 Be7 14. b5 c5 15. c4
dxc4 16. Nxc4 Nb6 17. a5 Nxc4 18. Qxc4 cxd4 19. Qxc7+ Kxc7 20. b6+ Kb8 21. Bd2
a6 22. Rc1 Rc8 23. g3 Rxc1+ 24. Rxc1 Rc8 25. Rxc8+ Kxc8 26. Ng5 Bxg5 27. Bxg5
Kd7 28. Kf1 Ne7 29. Bxe7 Kxe7 30. Ke2 Kd7 31. Kd3 Kc6 32. Kxd4 Kb5 33. f3 Kxa5
34. Kc5 g6 35. g4 Ka4 36. Kc4 a5 37. gxh5 gxh5 38. Kc5 Kb3 39. Kd6 a4 40. Kc7
a3 41. Kxb7 a2 42. Kc7 a1=Q 43. b7 Qxe5+ 0-1

[Event "Polfinaly Mistrzostw Polski Juniorow 2023 C-13"]
[Site "Jastrzebia Gora"]
[Date "1899-12-30"]
[Round "7.1"]
[White "Uhryn, Lukasz"]
[Black "Protas, Jakub"]
[Result "0-1"]
[WhiteTitle "I"]
[BlackTitle "II"]
[WhiteElo "1435"]
[BlackElo "1392"]

1. e4 Nf6 2. e5 Nd5 3. d4 d6 4. f4 dxe5 5. fxe5 Bf5 6. Bd3 Bxd3 7. Qxd3 Nc6 8.
c3 e6 9. Nf3 Be7 10. O-O O-O 11. Nbd2 f6 12. exf6 Bxf6 13. Re1 Qd7 14. Ne4 b6
15. Neg5 Bxg5 16. Nxg5 g6 17. Rxe6 Rf5 18. Re2 Raf8 19. Bd2 Qd6 20. Rae1 Nd8 21.
Nf3 Nf4 22. Bxf4 Qxf4 23. Re4 Qd6 24. h3 Qg3 25. Ne5 Qf2+ 26. Kh2 Rg5 27. Ng4
Qxb2 28. R4e2 Qa3 29. Qc4+ Nf7 30. Re7 Qd6+ 31. Kg1 Kg7 32. Qxc7 Qd5 33. Qf4 Rf5
34. Qe3 Qxa2 35. Nh6 Rf6 36. Qe5 Qf2+ 37. Kh1 Kxh6 38. Rxa7 Nxe5 39. Rxe5 Qf1+
40. Kh2 Qf4+ 41. Kh1 Qg3 0-1

[Event "Polfinaly Mistrzostw Polski Juniorow 2023 C-13"]
[Site "Jastrzebia Gora"]
[Date "1899-12-30"]
[Round "7.2"]
[White "Iwan, Patryk"]
[Black "Oles, Mateusz"]
[Result "1/2-1/2"]
[WhiteTitle "II+"]
[BlackTitle "II+"]
[WhiteElo "1466"]
[BlackElo "1549"]

1. e4 c5 2. Nf3 d6 3. d4 cxd4 4. Nxd4 Nf6 5. Nc3 g6 6. Be3 Bg7 7. f3 O-O 8. Bc4
Nc6 9. Bb3 Qa5 10. Qd2 Nxd4 11. Bxd4 Be6 12. O-O-O b5 13. Kb1 b4 14. Nd5 Bxd5
15. exd5 Qb5 16. Rhe1 a5 17. Qe2 Qxe2 18. Rxe2 a4 19. Bc4 Nd7 20. Bxg7 Kxg7 21.
Rxe7 Ne5 22. b3 Kf6 23. Rb7 Rab8 24. Rxb8 Rxb8 25. Rd4 h5 26. Be2 axb3 27. axb3
Nd7 28. f4 Nc5 29. Kb2 Kf5 30. h3 h4 31. Bg4+ Kf6 32. Bd1 Na6 33. Be2 Nc5 34.
Bc4 Re8 35. c3 bxc3+ 36. Kxc3 Re3+ 37. Kc2 Rg3 38. Rd2 Kf5 39. b4 Ne4 40. Bd3
Kxf4 41. Bxe4 Kxe4 42. Kb2 Ke3 43. Kc3 Rg5 44. b5 Rh5 45. b6 Rh8 46. Rb2 Ke4 47.
Kc4 Rc8+ 48. Kb5 Kxd5 49. Rd2+ Ke5 50. b7 Rd8 51. Kc6 g5 52. Rd5+ Kf4 53. Rxd6
Rg8 54. Rd4+ Kg3 55. Kc7 f5 56. Rd8 Rg7+ 57. Rd7 Rg8 1/2-1/2

[Event "Polfinaly Mistrzostw Polski Juniorow 2023 C-13"]
[Site "Jastrzebia Gora"]
[Date "1899-12-30"]
[Round "7.3"]
[White "Jagodzinski, Jaromir"]
[Black "Lesik, Sebastian"]
[Result "1-0"]
[WhiteTitle "I"]
[BlackTitle "II"]
[WhiteElo "1527"]
[BlackElo "1447"]

1. e4 c5 2. Nf3 e6 3. d4 cxd4 4. Nxd4 a6 5. c4 Nf6 6. Nc3 Qc7 7. Be3 Be7 8. Be2
b6 9. f4 d6 10. O-O Nbd7 11. Rc1 Bb7 12. Bf3 O-O 13. b4 Rac8 14. g4 Qb8 15. g5
Ne8 16. Qe2 Nc7 17. Bg4 Rfd8 18. f5 exf5 19. exf5 d5 20. f6 Bxb4 21. Nf5 Re8 22.
fxg7 Ne5 23. Nh6+ Kxg7 24. Bd4 Bc5 25. Rxf7+ Kh8 26. Bxc5 bxc5 27. Rf8+ Kg7 28.
Rg8+ 1-0

[Event "Polfinaly Mistrzostw Polski Juniorow 2023 C-13"]
[Site "Jastrzebia Gora"]
[Date "1899-12-30"]
[Round "7.4"]
[White "Krogulski, Maksymilian"]
[Black "Rajlich, Vaclav"]
[Result "0-1"]
[WhiteTitle "I"]
[BlackTitle "I"]
[WhiteElo "1441"]
[BlackElo "1539"]

1. e4 c5 2. Nf3 g6 3. c3 d5 4. exd5 Qxd5 5. Na3 Bg7 6. d4 cxd4 7. Nb5 Qd8 8. Nbxd4
Nf6 9. Bb5+ Nbd7 10. O-O O-O 11. Qc2 a6 12. Bd3 Re8 13. b3 e5 14. Bc4 exd4 15.
Ng5 Ne5 16. cxd4 Nxc4 17. Qxc4 Qd5 18. Bb2 h6 19. Nf3 Qxc4 20. bxc4 Re2 21. Ba3
Be6 22. Rfb1 b5 23. c5 Nd5 24. Kf1 Re4 25. Bb2 Nf4 26. a4 Bc4+ 27. Kg1 Ne2+ 28.
Kh1 Bd3 29. Re1 Rae8 30. axb5 Bxb5 31. Rab1 f5 32. Ra1 Nxd4 33. Nxd4 Rxe1+ 34.
Rxe1 Rxe1# 0-1

[Event "Polfinaly Mistrzostw Polski Juniorow 2023 C-13"]
[Site "Jastrzebia Gora"]
[Date "1899-12-30"]
[Round "7.5"]
[White "Mielcuch, Karol"]
[Black "Staniczek, Kacper"]
[Result "0-1"]
[WhiteTitle "II+"]
[BlackTitle "I"]
[WhiteElo "1479"]
[BlackElo "1504"]

1. c4 e6 2. g3 d5 3. Nf3 c5 4. cxd5 exd5 5. d4 Nc6 6. Bg2 Nf6 7. O-O Be6 8. Be3
Ng4 9. Bf4 Be7 10. Nc3 O-O 11. h3 Nf6 12. Rc1 c4 13. Ne5 Rc8 14. Nxc6 bxc6 15.
Re1 Qd7 16. g4 Rfd8 17. Be5 Ne8 18. e3 Nc7 19. Ne2 h5 20. Nf4 hxg4 21. Nxe6 Qxe6
22. hxg4 Bd6 23. Bxd6 Qxd6 24. e4 Rb8 25. e5 Qb4 26. Rc2 Qa4 27. a3 Rb3 28. Qe2
Ne6 29. Bf1 Nxd4 30. Qd1 Nxc2 31. Qxc2 Rg3+ 0-1